Film dont le titre commence par un U (3) - Statistiques

Statistiques générales
  • Ce quiz a été pris 4 fois
  • Le résultat moyen est 10 sur 30
Statistiques - réponses
Année Réalisateur Genre 1 acteur ou
1 actrice
Titre % Correct
1961 Denys de La Patellière Guerre Lino Ventura Un taxi pour Tobrouk
100%
1938 Alfred Hitchcock Policier Michael Redgrave Une femme disparait
75%
1977 Richard Attenborough Guerre Michael Caine Un pont trop loin
75%
1962 Mario Caiano Peplum Nando Angeli Ulysse contre Hercule
50%
1977 Ettore Scola Drame Marcello Mastroianni Une journée particulière
50%
1951 Elia Kazan Drame psychologique Marlon Brando Un tramway nommé désir
50%
1952 Jean Devaivre Aventures Martine Carol Un caprice de Caroline Chérie
25%
1983 Bernard Guillou Comédie Pierre Richard Un chien dans un jeu de quilles
25%
1962 Jean Chérasse Musical Pierre Perrin Un clair de lune à Maubeuge
25%
2008 Marion Laine Comédie dramatique Sandrine Bonnaire Un coeur simple
25%
1984 Bertrand Tavernier Comédie dramatique Michel Aumont Un dimanche à la campagne
25%
1981 Michel Vianey Policier Maurice Biraud Un dimanche de flic
25%
1964 Jacques Poitrenaud Comédie Louis de Funès Un drôle de caïd
25%
1991 Gérard Jugnot Comédie Ticky Holgado Une époque formidable
25%
1981 Pierre Granier-Deferre Comédie dramatique Michel Piccoli Une étrange affaire
25%
1976 Pierre Granier-Deferre Drame Philippe Noiret Une femme à sa fenêtre
25%
1988 Jean-Pierre Mocky Comédie Michel Blanc Une nuit à l'assemblée nationale
25%
1935 Edmund Goulding Comédie Marx Brothers Une nuit à l'opéra
25%
1981 Jean-Louis Benoit Policier Marlène Jobert Une sale affaire
25%
1980 Bertrand Tavernier Comédie dramatique Nathalie Baye Une semaine de vacances
25%
1952 Joseph Losey Drame Paul Muni Un homme à détruire
25%
2015 Pierre Courrège Drame Pierre Santini Un homme d'Etat
25%
1994 Hervé Palud Comédie Thierry Lhermitte Un indien dans la ville
25%
1974 Jean-Pierre Mocky Drame Michel Constantin Un linceul n'a pas de poches
25%
1980 Jean-Claude Bouillaud Drame Patrick Dewaere Un mauvais fils
25%
1943 Victor Fleming Comédie Spencer Tracy Un nomme Joe
25%
1935 Richard Pottier Comédie Pierre Brasseur Un oiseau rare
25%
2004 Jacques Bral Policier Xavier Deluc Un printemps à Paris
25%
1943 Julien Duvivier Comédie dramatique Raimu Untel père et fils
25%
1959 Edouard Molinaro Policier Lino Ventura Un témoin dans la ville
25%
Aucun quiz correspondant
Distribution des résultats
% des personnes avec chaque résultat
Percentile par nombre de réponses
Votre historique - résultats
Vous n’avez pas pris ce quiz